Podkladový materiál pre delegátov okresnej konferencie KSS v Žiline 23.-24. apríla 1983

Bibliographic Details
Format: Book
Language:Undetermined
PhysicalDescription:60 s.
Published: V Žiline OV KSS 1983

MARC

LEADER 00000nam a2200000 a 4500
001 vtls001389755
003 SK-MaSNL
005 20260224065750.0
008 210928s1983 xx 0 und
035 |a SNK000344018 
040 |a SNK  |b slo  |c SNK  |e AACR2 
245 1 |a Podkladový materiál pre delegátov okresnej konferencie KSS v Žiline 23.-24. apríla 1983 
260 |a V Žiline  |b OV KSS  |c 1983 
300 |a 60 s. 
958 |a OND 
999 |c 895877  |d 897807 
952 |a SNK  |b SNK  |y PREZ  |7 0  |p 17A0953511  |o snkSB 35263  |0 0  |1 0  |4 0  |d 2012-07-17  |l 0  |r 2025-04-11 00:00:00  |w 2026-02-24 
952 |t P60, <04>, [BOOK], {604}  |a SNK  |b SNK  |y VYP  |7 0  |p 17A0241696  |o snkSB 35263 D1  |0 0  |1 0  |4 0  |d 2000-05-30  |l 0  |r 2005-01-02 00:00:00  |w 2026-02-24